书目信息 |
| 题名: |
商法的改革与变动的经济
|
|
| 作者: | 王保树 著 | |
| 分册: | ||
| 出版信息: | 北京 法律出版社 2003.08 |
|
| 页数: | 486页 | |
| 开本: | 21cm | |
| 丛书名: | ||
| 单 册: | ||
| 中图分类: | D923.994 | |
| 科图分类: | ||
| 主题词: | 法律--中国 | |
| 电子资源: | ||
| ISBN: | 7-5036-4305-6 | |
| 000 | 00584nam0 2200193 450 | |
| 001 | 0830963035 | |
| 005 | 20080505083747.28 | |
| 010 | @a7-5036-4305-6@dCNY32.00 | |
| 100 | @a20080505d2003 km y0chiy0120 ea | |
| 101 | 0 | @achi |
| 102 | @aCN@b110000 | |
| 200 | 1 | @a商法的改革与变动的经济@Ashang fa de gai ge yu bian dong de jing ji@f王保树著@Fwang bao shu zhu |
| 210 | @a北京@c法律出版社@d2003.08 | |
| 215 | @a486页@d21cm | |
| 606 | 0 | @a法律@x中国 |
| 690 | @aD923.994@v4 | |
| 701 | 0 | @a王保树@Awang bao shu@4著 |
| 801 | 0 | @aCN@b山东省滨州职业学院图书馆@c20080505 |
| 905 | @aBZT@dD923.994@e1 | |
| 商法的改革与变动的经济/王保树著.-北京:法律出版社,2003.08 |
| 486页;21cm |
| ISBN 7-5036-4305-6:CNY32.00 |
| ● |
| 相关链接 |
|
|
|
正题名:商法的改革与变动的经济
索取号:D923.994/1
 
预约/预借
| 序号 | 登录号 | 条形码 | 馆藏地/架位号 | 状态 | 备注 |
| 1 | 637820 | 2000637820 | 中心书库南/013架B面3层9列/ [索取号:D923.994/1] | 在馆 | |
| 2 | 637821 | 2000637821 | 中心书库南/013架B面3层9列/ [索取号:D923.994/1] | 在馆 | |
| 3 | 637822 | 2000637822 | 中心书库南/013架B面3层9列/ [索取号:D923.994/1] | 在馆 | |
| 4 | 637823 | 2000637823 | 中心书库南/013架B面3层9列/ [索取号:D923.994/1] | 在馆 | |
| 5 | 637824 | 2000637824 | 中心书库南/013架B面3层9列/ [索取号:D923.994/1] | 在馆 | |
| 6 | 637825 | 2000637825 | 中心书库南/013架B面3层9列/ [索取号:D923.994/1] | 在馆 | |
| 7 | 637826 | 2000637826 | 中心书库南/013架B面3层9列/ [索取号:D923.994/1] | 在馆 | |
| 8 | 637827 | 2000637827 | 中心书库南/013架B面3层9列/ [索取号:D923.994/1] | 在馆 | |
| 9 | 637828 | 2000637828 | 中心书库南/013架B面3层9列/ [索取号:D923.994/1] | 在馆 | |
| 10 | 637829 | 2000637829 | 中心书库南/013架B面3层9列/ [索取号:D923.994/1] | 在馆 |